[Event "Berlin Spandau op"]
[Site "Berlin"]
[Date "2018.12.28"]
[Round "4"]
[White "Piz, Maxim"]
[Black "Buttkus, Andree"]
[Result "1/2-1/2"]
[WhiteElo "2157"]
[BlackElo "1980"]
[PlyCount "92"]
[EventDate "2018.12.27"]
[EventType "swiss"]
[EventRounds "7"]
[EventCountry "GER"]
[SourceTitle "CBM 188 Extra"]
[Source "ChessBase"]
[SourceDate "2019.02.26"]
[SourceVersion "1"]
[SourceVersionDate "2019.02.26"]
[SourceQuality "1"]

1. e4 c5 2. Nf3 g6 3. c3 d5 4. e5 Bg7 5. d4 Bg4 6. h3 Bxf3 7. Qxf3 Nc6 8. Bb5 Qb6 9. Bxc6+ bxc6 10. dxc5 Qxc5 11. Qe2 Qb5 12. Qxb5 cxb5 13. f4 e6 14. a4 bxa4 15. Rxa4 f6 16. exf6 Nxf6 17. Be3 a6 18. 0-0 0-0 19. Nd2 Rfb8 20. Ra2 Ne8 21. Nf3 Nc7 22. Bd4 Bxd4+ 23. Nxd4 Rb6 24. Re1 Rd8 25. Re2 Kf7 26. g4 h6 27. Kg2 Kf6 28. Kg3 Rd7 29. b4 Nb5 30. Nxb5 axb5 31. h4 Kf7 32. Re3 Rc7 33. Rd2 Rbc6 34. Rdd3 Rd6 35. Re5 Rdc6 36. f5 gxf5 37. gxf5 Rxc3 38. fxe6+ Kf6 39. Rexd5 Rxd3+ 40. Rxd3 Kxe6 41. Ra3 Rc4 42. Ra6+ Kf5 43. Rxh6 Rxb4 44. Rh5+ Kg6 45. Rc5 Rb3+ 46. Kg4 Rb4+ 1/2-1/2

[Event "Berlin-ch MT"]
[Site "Berlin"]
[Date "2018.04.04"]
[Round "5"]
[White "Moeller, Hendrik"]
[Black "Piz, Maxim"]
[Result "0-1"]
[WhiteElo "2273"]
[BlackElo "2178"]
[PlyCount "72"]
[EventDate "2018.03.31"]
[EventType "swiss"]
[EventRounds "9"]
[EventCountry "GER"]
[SourceTitle "EXT 2020"]
[Source "ChessBase"]
[SourceDate "2019.10.17"]
[SourceVersion "1"]
[SourceVersionDate "2019.10.17"]
[SourceQuality "1"]

1. c4 c6 2. Nf3 d5 3. g3 Nf6 4. Bg2 Nbd7 5. 0-0 e6 6. b3 Bd6 7. Bb2 0-0 8. d4 Ne4 9. Nbd2 f5 10. Ne5 a5 11. a4 Qe7 12. Ndf3 f4 13. Qc1 fxg3 14. hxg3 Ndf6 15. Ba3 Bd7 16. Bxd6 Qxd6 17. c5 Qe7 18. Ng5 Nxg5 19. Qxg5 Be8 20. Rac1 Bh5 21. g4 Bf7 22. Rc3 Rae8 23. Re3 h6 24. Qh4 Nd7 25. Qxe7 Rxe7 26. f4 Nxe5 27. Rxe5 b6 28. Rc1 Rb7 29. cxb6 Rxb6 30. Rc5 Rxb3 31. Rxa5 Rb4 32. e3 Rfb8 33. Kf2 Rb1 34. Rc5 R8b2+ 35. Kf3 Rg1 36. Bh3 Rh2 0-1

[Event "Oberliga Nord O 1314"]
[Site "Germany"]
[Date "2014.01.19"]
[Round "5.7"]
[White "Stark, Ingo"]
[Black "Piz, Maxim"]
[Result "1-0"]
[WhiteElo "2125"]
[BlackElo "2173"]
[PlyCount "55"]
[EventDate "2013.10.13"]
[EventType "team-tourn"]
[EventRounds "9"]
[EventCountry "GER"]
[SourceTitle "EXT 2015"]
[Source "ChessBase"]
[SourceDate "2014.11.20"]
[SourceVersion "1"]
[SourceVersionDate "2014.11.20"]
[SourceQuality "1"]
[WhiteTeam "Oberschoeneweide"]
[BlackTeam "Steglitz Wilmersdorf"]
[WhiteTeamCountry "GER"]
[BlackTeamCountry "GER"]

1. e4 d5 2. exd5 Nf6 3. d4 Nxd5 4. Nf3 Bf5 5. Bd3 Bxd3 6. Qxd3 Nc6 7. 0-0 e6 8. c4 Nb6 9. Nc3 Be7 10. Re1 0-0 11. Bf4 Bf6 12. Rad1 Qd7 13. Ne4 Nb4 14. Nxf6+ gxf6 15. Qd2 Qe7 16. Bh6 Rfd8 17. Qf4 Kh8 18. d5 Rg8 19. a3 Na6 20. b4 Rad8 21. Nh4 e5 22. Qe4 c6 23. dxc6 bxc6 24. Nf5 Qc7 25. Qh4 Rg6 26. Bg7+ Rxg7 27. Qxf6 Rdg8 28. Nxg7 1-0

[Event "Berlin-ch"]
[Site "Berlin"]
[Date "2008.03.28"]
[Round "7"]
[White "Schmidt, Juergen"]
[Black "Piz, Maxim"]
[Result "0-1"]
[WhiteElo "2080"]
[BlackElo "2148"]
[PlyCount "104"]
[EventDate "2008.03.22"]
[EventType "swiss"]
[EventRounds "9"]
[EventCountry "GER"]
[SourceTitle "CBM 123 Extra"]
[Source "ChessBase"]
[SourceDate "2008.05.06"]
[SourceVersion "1"]
[SourceVersionDate "2008.05.06"]
[SourceQuality "1"]

1. e4 e6 2. d4 d5 3. exd5 exd5 4. Nf3 Bd6 5. c4 dxc4 6. Bxc4 Nf6 7. 0-0 0-0 8. Bg5 Nc6 9. Nc3 Bg4 10. h3 Bxf3 11. Qxf3 Nxd4 12. Qxb7 Ne6 13. Bxe6 fxe6 14. Qb3 Qd7 15. Rfe1 Rab8 16. Qc2 Qc6 17. Rac1 Qb6 18. Be3 Qxb2 19. Bxa7 Qxc2 20. Rxc2 Ra8 21. Bd4 Rfe8 22. Rce2 Kf7 23. Be5 Ra5 24. f4 Rc5 25. Ne4 Nxe4 26. Rxe4 Bxe5 27. Rxe5 Rxe5 28. Rxe5 Ra8 29. Re2 g6 30. Rc2 Ra7 31. Kf2 Ke7 32. Kf3 Kd7 33. Kg4 Ra5 34. Kf3 c5 35. Ke4 Kd6 36. Rd2+ Kc6 37. Rb2 Ra3 38. Re2 Kb5 39. Rb2+ Kc4 40. Rc2+ Kb4 41. Re2 c4 42. Rf2 c3 43. g4 Kc4 44. h4 Ra5 45. Ke3 Rd5 46. Rc2 Rd3+ 47. Ke2 Rh3 48. h5 gxh5 49. gxh5 Rxh5 50. Ke3 Rh3+ 51. Ke4 Rh1 52. Re2 h5 0-1

[Event "Oberliga Nord O 0708"]
[Site "Germany"]
[Date "2008.02.10"]
[Round "6.6"]
[White "Piz, Maxim"]
[Black "Kachibadze, Georg"]
[Result "1-0"]
[WhiteElo "2148"]
[BlackElo "2070"]
[PlyCount "139"]
[EventDate "2007.10.21"]
[EventType "team-tourn"]
[EventRounds "9"]
[EventCountry "GER"]
[SourceTitle "EXT 2009"]
[Source "ChessBase"]
[SourceDate "2008.11.26"]
[SourceVersion "1"]
[SourceVersionDate "2008.11.26"]
[SourceQuality "1"]
[WhiteTeam "Lasker Steglitz"]
[BlackTeam "Koenig Tegel II"]
[WhiteTeamCountry "GER"]
[BlackTeamCountry "GER"]

1. e4 c5 2. Nf3 d6 3. d4 cxd4 4. Nxd4 Nf6 5. Nc3 a6 6. Bg5 e6 7. Qd2 Be7 8. 0-0-0 Nbd7 9. f4 Qc7 10. Kb1 Nc5 11. Bd3 Bd7 12. Nb3 b5 13. Nxc5 Qxc5 14. Rhe1 b4 15. Ne2 Rc8 16. Nc1 a5 17. e5 dxe5 18. fxe5 Nd5 19. Bxe7 Qxe7 20. Nb3 a4 21. Nd4 Qc5 22. Be4 Nb6 23. Nf3 0-0 24. Bxh7+ Kxh7 25. Ng5+ Kg6 26. h4 Bb5 27. g4 Qxc2+ 28. Qxc2+ Rxc2 29. Kxc2 Rc8+ 30. Kb1 Rc5 31. Nf3 Nd5 32. Nd4 Bc4 33. Ka1 a3 34. bxa3 Ra5 35. Rc1 Nc3 36. Nc6 Rxa3 37. Nxb4 Bxa2 38. Nc2 Ra6 39. Kb2 Nd5 40. Ra1 Bc4 41. Rxa6 Bxa6 42. Kb3 Nf4 43. Ne3 Nd3 44. Ra1 Bb5 45. Ra5 Bc6 46. Kc3 Nf2 47. Ra2 Nh3 48. Ra7 f6 49. Re7 Nf4 50. Kd4 Bf3 51. h5+ Kh6 52. Rf7 f5 53. gxf5 Bxh5 54. Re7 exf5 55. Nxf5+ Kg6 56. Ke4 Kg5 57. Nxg7 Bg6+ 58. Kd4 Ne2+ 59. Kc5 Kf4 60. Kd6 Nc3 61. Ne6+ Ke4 62. Rb7 Kf5 63. Nc5 Bh5 64. e6 Kf6 65. Rb3 Ne2 66. Ne4+ Kg7 67. Ng3 Nxg3 68. Rxg3+ Kf8 69. e7+ Kf7 70. Kd7 1-0

[Event "Oberliga Nord O 0708"]
[Site "Germany"]
[Date "2007.11.04"]
[Round "2.7"]
[White "Koepcke, Klaus Peter"]
[Black "Piz, Maxim"]
[Result "0-1"]
[WhiteElo "2104"]
[BlackElo "2148"]
[PlyCount "88"]
[EventDate "2007.10.21"]
[EventType "team-tourn"]
[EventRounds "9"]
[EventCountry "GER"]
[SourceTitle "EXT 2009"]
[Source "ChessBase"]
[SourceDate "2008.11.26"]
[SourceVersion "1"]
[SourceVersionDate "2008.11.26"]
[SourceQuality "1"]
[WhiteTeam "Greifswald"]
[BlackTeam "Lasker Steglitz"]
[WhiteTeamCountry "GER"]
[BlackTeamCountry "GER"]

1. d4 Nf6 2. c4 g6 3. Nc3 Bg7 4. e4 d6 5. f3 0-0 6. Be3 e5 7. d5 c6 8. Qd2 cxd5 9. cxd5 a6 10. Bd3 b5 11. b4 Nh5 12. Nge2 f5 13. Bg5 Qb6 14. Qe3 Qb7 15. a4 h6 16. Bh4 bxa4 17. Rxa4 Bd7 18. b5 axb5 19. Rxa8 Qxa8 20. Be7 Rc8 21. Bxd6 Qa1+ 22. Nd1 Qa5+ 23. Qd2 Qb6 24. Bxb8 Rxb8 25. g3 Nf6 26. h3 fxe4 27. fxe4 b4 28. Nb2 Bb5 29. Qxb4 Bxd3 30. Qxb6 Rxb6 31. Nxd3 Rb1+ 32. Ndc1 Nxe4 33. 0-0 Rb2 34. Rd1 Bf8 35. Kf1 Bd6 36. Nd3 Ra2 37. Nf2 Nd2+ 38. Ke1 Nf3+ 39. Kf1 Nh2+ 40. Kg2 Rxe2 41. Rc1 e4 42. Rc6 e3 43. Kxh2 Rxf2+ 44. Kg1 Rf6 0-1

[Event "BL2-Nord 0607"]
[Site "Germany"]
[Date "2007.04.22"]
[Round "9.3"]
[White "Piz, Maxim"]
[Black "Ritscher, Jan Paul"]
[Result "0-1"]
[WhiteElo "2175"]
[BlackElo "2300"]
[PlyCount "80"]
[EventDate "2006.10.15"]
[EventType "team-tourn"]
[EventRounds "9"]
[EventCountry "GER"]
[SourceTitle "EXT 2008"]
[Source "ChessBase"]
[SourceDate "2007.11.25"]
[SourceVersion "1"]
[SourceVersionDate "2007.11.25"]
[SourceQuality "1"]
[WhiteTeam "Steglitz Wilmersdorf"]
[BlackTeam "Hamburg Schachfreunde"]
[WhiteTeamCountry "GER"]
[BlackTeamCountry "GER"]

1. d4 f5 2. c4 Nf6 3. Nc3 e6 4. g3 d5 5. Bg2 c6 6. Qb3 Bd6 7. Bg5 0-0 8. Nh3 h6 9. Bf4 Be7 10. 0-0 Nbd7 11. cxd5 exd5 12. e4 fxe4 13. Nxe4 Nxe4 14. Bxe4 Nc5 15. dxc5 Bxh3 16. Bg2 Bxg2 17. Kxg2 Qd7 18. Rac1 Rf5 19. Rfe1 Raf8 20. Qe3 R8f7 21. Qe6 Qxe6 22. Rxe6 Bg5 23. Re8+ Kh7 24. f3 Bxf4 25. gxf4 Rxf4 26. Rc3 Rd7 27. Kg3 Rf5 28. b4 Kg6 29. Rd3 Kf7 30. Rc8 d4 31. h4 Ke6 32. Kg4 h5+ 33. Kg3 Kd5 34. a3 Kc4 35. Rd1 Re5 36. Rf8 d3 37. f4 Re3+ 38. Kf2 Re2+ 39. Kf3 Rde7 40. f5 Re1 0-1

[Event "BL2-Nord 0607"]
[Site "Germany"]
[Date "2007.03.18"]
[Round "7.4"]
[White "Berczes, Csaba"]
[Black "Piz, Maxim"]
[Result "1-0"]
[WhiteElo "2410"]
[BlackElo "2175"]
[PlyCount "63"]
[EventDate "2006.10.15"]
[EventType "team-tourn"]
[EventRounds "9"]
[EventCountry "GER"]
[SourceTitle "EXT 2008"]
[Source "ChessBase"]
[SourceDate "2007.11.25"]
[SourceVersion "1"]
[SourceVersionDate "2007.11.25"]
[SourceQuality "1"]
[WhiteTeam "Ruedersdorf"]
[BlackTeam "Steglitz Wilmersdorf"]
[WhiteTeamCountry "GER"]
[BlackTeamCountry "GER"]

1. e4 c5 2. Nf3 g6 3. d4 cxd4 4. Nxd4 Bg7 5. Be3 Nf6 6. f3 Qa5+ 7. Qd2 Qxd2+ 8. Nxd2 0-0 9. Nb5 Nc6 10. c4 Ne8 11. 0-0-0 a6 12. Nc3 b5 13. Nd5 Nd6 14. c5 Ne8 15. Nb3 Nf6 16. Nb6 Ra7 17. g4 Rd8 18. Be2 Rb7 19. Kb1 h5 20. h3 hxg4 21. hxg4 Ne8 22. Rd2 Rb8 23. Rc1 Be5 24. f4 Bc7 25. Nd5 Rb7 26. Bf3 Bb8 27. e5 Bc7 28. Rh1 f6 29. exf6 Nxf6 30. Nxf6+ exf6 31. Bd5+ Kf8 32. Rdh2 1-0

[Event "BL2-Nord 0607"]
[Site "Germany"]
[Date "2006.10.29"]
[Round "2.4"]
[White "Lichmann, Peter"]
[Black "Piz, Maxim"]
[Result "1/2-1/2"]
[WhiteElo "2305"]
[BlackElo "2175"]
[PlyCount "120"]
[EventDate "2006.10.15"]
[EventType "team-tourn"]
[EventRounds "9"]
[EventCountry "GER"]
[SourceTitle "EXT 2008"]
[Source "ChessBase"]
[SourceDate "2007.11.25"]
[SourceVersion "1"]
[SourceVersionDate "2007.11.25"]
[SourceQuality "1"]
[WhiteTeam "Werder Bremen II"]
[BlackTeam "Steglitz Wilmersdorf"]
[WhiteTeamCountry "GER"]
[BlackTeamCountry "GER"]

1. d4 Nf6 2. c4 g6 3. Nc3 Bg7 4. e4 d6 5. Be2 0-0 6. Nf3 e5 7. 0-0 Nbd7 8. Qc2 Re8 9. Rd1 exd4 10. Nxd4 Nc5 11. f3 a5 12. Be3 Nh5 13. g4 Nf6 14. Ndb5 b6 15. Bg5 Bd7 16. Rab1 h6 17. Bh4 Qc8 18. b3 Bc6 19. Nd4 Bb7 20. Nd5 Nxd5 21. cxd5 Ba6 22. Bxa6 Qxa6 23. Bf2 Rac8 24. a3 Nd7 25. Kg2 Bxd4 26. Bxd4 f5 27. exf5 gxf5 28. Kh1 Kf7 29. Qg2 Rg8 30. Qh3 Rcf8 31. Rd2 Ke8 32. Rc1 Kd8 33. gxf5 Qb5 34. Qh4+ Kc8 35. Rdc2 Qxb3 36. Rxc7+ Kb8 37. Qf4 Qa2 38. R7c2 Qxd5 39. f6 Ne5 40. Bxe5 dxe5 41. Qf5 Ka7 42. Rc7+ Ka6 43. f7 Rg7 44. Qh3 Rgxf7 45. Qf1+ Qb5 46. Qxb5+ Kxb5 47. Rb1+ Ka6 48. Rc6 Rb7 49. Kg2 h5 50. Re6 Rf5 51. Rb3 Ka7 52. Kf2 b5 53. Ke3 a4 54. Rb4 Rb6 55. Re8 Ka6 56. Ra8+ Kb7 57. Re8 Kc6 58. Rc8+ Kd5 59. Rd8+ Kc5 60. Rc8+ Kd5 1/2-1/2

[Event "GER-chT Betriebe"]
[Site "Berlin"]
[Date "2006.10.07"]
[Round "5.2"]
[White "Federau, Juergen"]
[Black "Piz, Maxim"]
[Result "1-0"]
[WhiteElo "2245"]
[BlackElo "2149"]
[PlyCount "55"]
[EventDate "2006.10.05"]
[EventType "team-tourn"]
[EventRounds "7"]
[EventCountry "GER"]
[SourceTitle "EXT 2020"]
[Source "ChessBase"]
[SourceDate "2019.10.17"]
[SourceVersion "1"]
[SourceVersionDate "2019.10.17"]
[SourceQuality "1"]
[WhiteTeam "Gillette II"]
[BlackTeam "SK Praesident III"]
[WhiteTeamCountry "GER"]
[BlackTeamCountry "GER"]

1. d4 Nf6 2. c4 e6 3. Nf3 b6 4. e3 Bb7 5. Bd3 c5 6. 0-0 Nc6 7. Nc3 cxd4 8. exd4 d5 9. Bg5 dxc4 10. Bxc4 Be7 11. a3 0-0 12. Ba2 Rc8 13. Re1 Nd5 14. Ne4 Bxg5 15. Nexg5 h6 16. Ne4 Nf6 17. Ng3 Qd6 18. Qd2 Rfd8 19. Rad1 Na5 20. Ne5 Bd5 21. Bb1 Bb3 22. Rc1 Rxc1 23. Rxc1 Kf8 24. Nf3 Bd5 25. Rc3 Bxf3 26. Rxf3 Nc6 27. Rd3 e5 28. dxe5 1-0

[Event "GER-chT Betriebe"]
[Site "Berlin"]
[Date "2006.10.07"]
[Round "6.2"]
[White "Vistisen, Lars"]
[Black "Piz, Maxim"]
[Result "1/2-1/2"]
[WhiteElo "2157"]
[BlackElo "2149"]
[PlyCount "102"]
[EventDate "2006.10.05"]
[EventType "team-tourn"]
[EventRounds "7"]
[EventCountry "GER"]
[SourceTitle "EXT 2020"]
[Source "ChessBase"]
[SourceDate "2019.10.17"]
[SourceVersion "1"]
[SourceVersionDate "2019.10.17"]
[SourceQuality "1"]
[WhiteTeam "Muenchen Europ Patentamt"]
[BlackTeam "SK Praesident III"]
[WhiteTeamCountry "GER"]
[BlackTeamCountry "GER"]

1. e4 c5 2. c3 e6 3. d4 cxd4 4. cxd4 d5 5. e5 Nc6 6. Nf3 Qb6 7. Nc3 Nge7 8. Bd3 Bd7 9. Bb1 h6 10. h4 g6 11. g4 Bg7 12. Na4 Qc7 13. Be3 Na5 14. Nc5 Bb5 15. a4 Bc4 16. b3 b6 17. Nxe6 fxe6 18. bxc4 Nxc4 19. Bd3 Nxe3 20. Bb5+ Kf7 21. fxe3 Qc3+ 22. Kf2 Rhc8 23. Bd3 Qb2+ 24. Kg3 Rc3 25. Ne1 Rac8 26. h5 gxh5 27. Rb1 Qa3 28. g5 Nf5+ 29. Kh3 hxg5 30. Qxh5+ Kg8 31. Rd1 Nxe3 32. Qg6 Qe7 33. Rd2 Nf5 34. Rf2 Rxd3+ 35. Nxd3 Rc3 36. Kg2 Rxd3 37. Qh7+ Kf8 38. Rxf5+ Ke8 39. Qg6+ Kd8 40. Rf8+ Qxf8 41. Qxd3 Qf4 42. Rh7 Qf7 43. Qc2 Kd7 44. Qb1 Kd8 45. Qd3 Kc7 46. a5 g4 47. a6 b5 48. Rh1 Kb6 49. Rf1 Qh5 50. Rh1 Qf7 51. Rf1 Qh5 1/2-1/2

[Event "Berlin op 05"]
[Site "Berlin"]
[Date "2006.05.24"]
[Round "1"]
[White "Prinz, Tade"]
[Black "Piz, Maxim"]
[Result "0-1"]
[WhiteElo "1501"]
[BlackElo "2153"]
[PlyCount "114"]
[EventDate "2006.05.24"]
[EventType "swiss"]
[EventRounds "7"]
[EventCountry "GER"]
[SourceTitle "EXT 2007"]
[Source "ChessBase"]
[SourceDate "2006.11.23"]
[SourceVersion "1"]
[SourceVersionDate "2006.11.23"]
[SourceQuality "1"]

1. d4 Nf6 2. Nf3 d5 3. Bf4 Bf5 4. Nbd2 c6 5. c3 h6 6. h3 g5 7. Be5 Nbd7 8. g4 Bg6 9. Bg3 Bg7 10. e3 0-0 11. Be2 Ne4 12. Bh2 f5 13. Ne5 Nxe5 14. Nxe4 Nxg4 15. hxg4 fxe4 16. Bg3 Qb6 17. b4 Rae8 18. Qb3 a6 19. a4 Kh7 20. 0-0 e5 21. Rfd1 exd4 22. cxd4 Bf7 23. Bd6 Rh8 24. Kg2 Be6 25. Rh1 Qd8 26. Bg3 Qd7 27. f3 exf3+ 28. Bxf3 Bxg4 29. Qd3+ Bf5 30. Qd2 g4 31. Be2 Be4+ 32. Kh2 Qf5 33. Kg1 Bxh1 34. Kxh1 Qe4+ 35. Kh2 Qxe3 36. Bd3+ Kg8 37. Qc2 Qxd4 38. Rf1 Qb2 39. Rf2 Qxc2 40. Bxc2 h5 41. Bg6 Rf8 42. Bf5 Rh6 43. Bh4 Bf6 44. Be6+ Kg7 45. Bxf6+ Rhxf6 46. Re2 Rf2+ 47. Rxf2 Rxf2+ 48. Kg3 Rb2 49. b5 axb5 50. axb5 Rxb5 51. Kh4 d4 52. Bc4 Rc5 53. Bd3 Kh6 54. Kg3 Rc3 55. Kh4 g3 56. Be4 Re3 57. Bg2 d3 0-1

[Event "Berlin op 04"]
[Site "Berlin"]
[Date "2006.04.21"]
[Round "8"]
[White "Gebigke, Martin"]
[Black "Piz, Maxim"]
[Result "0-1"]
[WhiteElo "2090"]
[BlackElo "2134"]
[PlyCount "138"]
[EventDate "2006.04.14"]
[EventType "swiss"]
[EventRounds "9"]
[EventCountry "GER"]
[SourceTitle "EXT 2007"]
[Source "ChessBase"]
[SourceDate "2006.11.23"]
[SourceVersion "1"]
[SourceVersionDate "2006.11.23"]
[SourceQuality "1"]

1. d4 Nf6 2. c4 c6 3. Nc3 d5 4. Nf3 e6 5. Bg5 dxc4 6. e4 b5 7. e5 h6 8. Bh4 g5 9. Nxg5 hxg5 10. Bxg5 Nbd7 11. exf6 Bb7 12. g3 Qb6 13. Bg2 c5 14. d5 0-0-0 15. 0-0 Bh6 16. Bxh6 Rxh6 17. Re1 Nxf6 18. Qc1 Rdh8 19. Qg5 Nd7 20. h4 f6 21. Qd2 e5 22. a4 a6 23. axb5 axb5 24. Qc2 Kb8 25. b3 cxb3 26. Qxb3 b4 27. Qa4 R6h7 28. Be4 Rg7 29. Kh2 c4 30. Nd1 Nc5 31. Qa5 Qxa5 32. Rxa5 Nb3 33. Rb5 Nd4 34. Rxb4 f5 35. Bg2 Nc2 36. Rxb7+ Rxb7 37. Rxe5 f4 38. d6 fxg3+ 39. fxg3 Rd7 40. Rb5+ Ka7 41. Nc3 Rxd6 42. Rc5 Rd2 43. Kh3 Ne3 44. Be4 Nf1 45. h5 Rh2+ 46. Kg4 Rg8+ 47. Bg6 Rc2 48. Ra5+ Kb6 49. Rb5+ Kc6 50. Rg5 Rxc3 51. Kh4 Kd6 52. h6 Rh8 53. h7 Rf3 54. Kh5 Ke7 55. Kh6 Rxg3 56. Ra5 Rh3+ 57. Kg7 Rc8 58. Re5+ Kd6 59. Rg5 Ne3 60. Bh5 c3 61. h8Q Rxh8 62. Kxh8 c2 63. Rg6+ Kd5 64. Rh6 Rxh5 65. Rxh5+ Kd4 66. Rh1 Nd1 67. Rh4+ Kd3 68. Rh3+ Ke2 69. Rh2+ Nf2 0-1

[Event "Berlin op 04"]
[Site "Berlin"]
[Date "2006.04.14"]
[Round "1"]
[White "Piz, Maxim"]
[Black "Schulz, Michael"]
[Result "0-1"]
[WhiteElo "2134"]
[BlackElo "2173"]
[PlyCount "70"]
[EventDate "2006.04.14"]
[EventType "swiss"]
[EventRounds "9"]
[EventCountry "GER"]
[SourceTitle "EXT 2007"]
[Source "ChessBase"]
[SourceDate "2006.11.23"]
[SourceVersion "1"]
[SourceVersionDate "2006.11.23"]
[SourceQuality "1"]

1. e4 e6 2. d4 d5 3. Nc3 Bb4 4. exd5 exd5 5. a3 Be7 6. Bf4 c6 7. Nf3 Bf5 8. Bd3 Bxd3 9. Qxd3 Nf6 10. 0-0 0-0 11. h3 Nbd7 12. Rfe1 Nb6 13. b3 a5 14. Ne5 a4 15. b4 Nfd7 16. Rad1 f6 17. Ng4 Nc4 18. Bc1 Bd6 19. Qf5 Rf7 20. Re2 b5 21. Rde1 Nf8 22. h4 Raa7 23. h5 Rae7 24. h6 Rxe2 25. Rxe2 g6 26. Qf3 f5 27. Ne5 Bxe5 28. dxe5 Ne6 29. Qd3 f4 30. f3 Rf5 31. Nd1 Nxe5 32. Qd2 Qb6+ 33. Nf2 Nd4 34. Rxe5 Rxe5 35. Bb2 Ne2+ 0-1